[Event "Purtichju op"]
[Site "Purtichju"]
[Date "2022.07.02"]
[Round "1"]
[White "Ratier Fontana, Matteo"]
[Black "Rakotomaharo, Fy Antenaina"]
[Result "0-1"]
[WhiteElo "1804"]
[BlackElo "2490"]
[PlyCount "46"]
[EventDate "2022.07.02"]
[EventType "swiss"]
[EventRounds "9"]
[EventCountry "FRA"]
[SourceTitle "EXT 2023"]
[Source "ChessBase"]
[SourceDate "2022.10.05"]
[SourceVersion "1"]
[SourceVersionDate "2022.10.05"]
[SourceQuality "1"]

1. e4 c5 2. Nf3 Nc6 3. d3 g6 4. g3 Bg7 5. Bg2 Nf6 6. 0-0 0-0 7. Re1 d6 8. Nbd2 e5 9. Nf1 d5 10. Bg5 d4 11. Qd2 Qd6 12. Bh6 Bd7 13. Bxg7 Kxg7 14. h4 b5 15. N1h2 c4 16. Rec1 a5 17. Ne1 a4 18. c3 a3 19. Rab1 axb2 20. Rxb2 b4 21. dxc4 bxc3 22. Rxc3 dxc3 23. Qh6+ Kxh6 0-1